000 00858nas a2200277 4500
001 BR0906045
003 BR-BrBNA
005 20231205113459.0
007 ta
008 230509b bl.|||p| |||| 00| 00por d
040 _aBR-BrBNA
_bpor
_cBiblioteca Nacional de Agricultura
041 _a(Pt)
072 _aF70; P01
100 1 _aRoessing, M.
100 1 _aPetry, C.
245 1 _aA água e o junco nos jardins aquáticos antigos e contemporâneos
650 _aPLANTA AQUÁTICA
650 _aPAISAGISMO
650 _aCOMPOSIÇÃO BOTÂNICA
650 _aJARDIM
650 _aJARDINAGEM
773 0 _tRevista Brasileira de Horticultura Ornamental (Brazil)
_xISSN 1809-6093
_g(2009), v. 15(1) p. 63-70
_wBR0906045
856 4 0 _uhttp://www.aprh.pt/rgci/pdf/rgci-155_Borges.pdf
909 _a202311
_bLúcia
_c55
_dLúcia Elande
942 _2AGRIS
_n0
_cANA
999 _c204007
_d204007